Central Library OPAC University of Rajshahi

Twelve citizens of the world : (Record no. 23761)

MARC details
000 -LEADER
fixed length control field 00735cam a22002531 4500
001 - CONTROL NUMBER
control field 23761
003 - CONTROL NUMBER IDENTIFIER
rucl marc code BD-RjUL
005 - DATE AND TIME OF LATEST TRANSACTION
control field 20211209000952.0
008 - FIXED-LENGTH DATA ELEMENTS--GENERAL INFORMATION
fixed length control field 140311t1953 nyua 000 0ceng
035 ## - SYSTEM CONTROL NUMBER
System control number (BD-RjUL)23826
System control number (OCoLC)1294960
040 ## - CATALOGING SOURCE
Original cataloging agency DLC
Transcribing agency FO
Modifying agency OCoLC
-- DLC
-- BD-RjUL
Language of cataloging eng
041 ## - LANGUAGE CODE
Language code of text/sound track or separate title eng
082 00 - DEWEY DECIMAL CLASSIFICATION NUMBER
Classification number 920.02
Author mark and year KET 1953
100 1# - MAIN ENTRY--PERSONAL NAME
Personal name Kenworthy, Leonard Stout,
Dates associated with a name 1912-
9 (RLIN) 73157
245 10 - TITLE STATEMENT
Title Twelve citizens of the world :
Remainder of title a book of biographies /
Statement of responsibility, etc. illustrated by William Sharp.
250 ## - EDITION STATEMENT
Edition statement 1st ed.
260 ## - PUBLICATION, DISTRIBUTION, ETC. (IMPRINT)
Place of publication, distribution, etc. Garden City, N.Y. :
Name of publisher, distributor, etc. Doubleday.
Date of publication, distribution, etc. c1953.
300 ## - PHYSICAL DESCRIPTION
Pagination 286 p. :
Illustrations illus. ;
Size 22 cm.
650 #0 - SUBJECT ADDED ENTRY--TOPICAL TERM
Topical term or geographic name as entry element Biography.
9 (RLIN) 73158
942 ## - ADDED ENTRY ELEMENTS (KOHA)
Source of classification or shelving scheme Dewey Decimal Classification
Koha item type Books
Holdings
Lost status Source of classification or shelving scheme Damaged status Not for loan Collection code Permanent Location Current Location Shelving location Date acquired Source of acquisition Total Checkouts Full call number Date last seen Copy number Koha item type
  Dewey Decimal Classification   Added to bundle Non-fiction Central Library, University of Rajshahi Central Library, University of Rajshahi Reading Room 25/02/1958 U.S.I.S dacca   920.02 KET 1953 11/03/2014 C-1 Books
  Dewey Decimal Classification     Non-fiction Central Library, University of Rajshahi Central Library, University of Rajshahi   25/02/1958 U.S.I.S, Dacca, Gift.   920.02 KET 1953 11/03/2014 C-2 Books